000 00487nam a2200169Ia 4500
999 _c11926
_d11926
003 OSt
005 20201014152058.0
008 190216s9999||||xx |||||||||||||| ||und||
040 _coclc
082 _a823.7
_bAUS/S
100 _aAusten, Jane
_95436
245 0 _aSense And Sensibility /
_cJane Austen
260 _bJ M Dent &sons Ltd,
_c1963.
_aLondon:
300 _a330p
650 _aEnglish Novel-English Novel
942 _cBK
_2ddc
_h823.7
_iAUS/S
_k823.7
_mAUS/S